000 00356 a2200169 4500
001 184425
020 _a85-322-0037-0
040 _cMagnum
100 _aSouza, Ângela Leite de
240 1 0 _aUm jeito de viver
_lpor
245 1 0 _aUm jeito de viver
300 _a70
362 0 _a1998
440 1 _aFTD
697 _aLITERATURA JUVENIL
942 _cBK
999 _c184425
_d184425